00768cam a22002651 4500001001300000003000400013005001700017008004100034010001700075035002000092040001800112042001200130043001200142050002000154100002300174245004700197260001000244300002600254500001800280504003000298650005200328650007700380740002800457999001700485sa 68020240 DLC20260227112723.0890626s1966 ce b 000 0 sino  asa 68020240  a(OCoLC)19926135 aDLCcWaUdDLC apremarc aa-pk---00aBQ400.P35bP4751 aMaitipe, Sirisena.10aBauddhālōkayen mā dutu Gandhāraya. c1966. axxxix, 488 p.c22 cm. aIn Sinhalese. aBibliography: p. 451-462. 0aBuddhismzPakistanzPeshawar DistrictxHistory. 0aBuddhist literaturezPakistanzPeshawar DistrictxHistory and criticism.0 aMā dutu Gandhāraya. c89313d89313